| 000 | 00483nas a2200145 a 4500 | ||
|---|---|---|---|
| 001 | 2777 | ||
| 003 | CDMR | ||
| 005 | 20131011171248.0 | ||
| 008 | 130130d1925|||||||a||||||||||||||||||||d | ||
| 040 |
_aCDMR _bcat _cCDMR |
||
| 110 | 2 |
_aMontepio de Empleados y Corresponsables Administrativos de la Prensa de España _9247 |
|
| 245 | 1 | 0 |
_aMemoria -- _cMontepío de Empleados y Corresponsables Administrativos de la Prensa de España |
| 260 |
_aMadrid _c1924- _bPrensa Gráfica |
||
| 942 |
_cMON _2udc |
||
| 999 |
_c2777 _d2777 |
||